01561nam a2200265Ia 4500001000600000003000900006008004100015040001300056040001300069041001300082100002400095100002900119245007200148245007200220250001100292260000900303260001200312260004900324300005700373500072400430650002201154650003101176700003401207700005401241H2676IT-RoPAU130308s9999 xx 000 0 und d aIT-RoPAU cIT-RoPAU aITALIANO aMickovic Aleksandar gCodice Aut. SPICS: 57086 aEnciclopedia della fantascienza in tv-1-Dalle origini agli anni '60 bEnciclopedia della Fantascienza in Tv-1-Dalle Origini Agli Anni '60 a1a ed. aROMA bFanucci c2002 [1° Ed.:2002 - Ed.Ling.Originale:2002] a"320 p. (prefazione: no ; testo: 320 [pagine: 0-0])" aLa Televisione è Entrata a far parte della nostra Quotidianità Come Mezzo, D'Informazione, Educazione o Semplice Intrattenimento. Uno dei Modi con Cui Il Piccolo schermo è in grado di Catturare la nostra Attenzione è Lo Spettacolo Seriale: Personaggi e Situazioni Ricorrenti che Impariamo Ad Amare Episodio Dopo Episodio. Diffusione dell'immaginario fantascientifico nella Produzione Seriale. Opere di Fantascienza Sono Comparse Nei palinsesti Sin Dagli Esordi della Tv. Questa Enciclopedia si Propone Come Guida Alla Produzione Mondiale di Fantascienza Televisiva, Coprendo Tutte le Serie Realizzate Fin Dalle Origini della Tv: Serie, Miniserie e Sceneggiati. Guida Alla Consultazione. Glossario. Bibliografia. aGENERI TELEVISIVI eCodice materia Spics: 6960 aRossi MarcelloVianello Nicola gCodice Aut. SPICS: 57087Codice Aut. SPICS: 57088